Keeping your balance

Bibliographic Details
Main Author: Rowe, Julian
Format: Book
Published: London : Watts Books , 1993
Series:First science
Subjects:

MARC

LEADER 00000cam a2200000 7i4500
001 0000007567
005 20011119.0
020 |a 0749612274 
090 0 0 |a J 500   |b ROW 
100 1 |a Rowe, Julian 
245 1 0 |a Keeping your balance   |c Julian Rowe 
260 |a London :   |b Watts Books ,   |c 1993 
300 |a 32 p. ;   |c 25 cm. 
490 0 |a First science 
650 0 0 |a Science   |x Juvenile literature 
999 |a 052515   |b BUKU   |c PINJAMAN   |e PERPUSTAKAAN KOMUNITI PETALING JAYA